| 000 | 01512nam0a2200325 4500 | ||
|---|---|---|---|
| 001 | RU\NLR\bibl\1154610 | ||
| 005 | 20260406050801.0 | ||
| 010 |
_a5-202-00055-3 _9100 |
||
| 021 |
_aRU _b2007-70124 _93768 |
||
| 035 | _a(NLR Aleph) 001141391 | ||
| 090 |
_a1419947 _c1419947 |
||
| 100 | _a20071115d2007 |||y0rusy50 ca | ||
| 101 | 0 |
_arus _deng |
|
| 102 | _aRU | ||
| 105 | _ay ||||||||| | ||
| 200 | 1 |
_aО свойстве гладкости решений уравнений Навье - Стокса в нелинейной нестационарной задаче Коши в пространстве _fВ.И. Семенов _gДеп. науки и образования Кемер. обл., Кузбас. рег. ин-т повышения квалификации и переподгот. работников образования |
|
| 205 | _aПрепр. | ||
| 210 |
_aКемерово _cКузбассвузиздат _d2007 |
||
| 215 |
_a39 с. _d30 |
||
| 300 | _aРез. на англ. яз. | ||
| 320 | _aБиблиогр.: с. 39 (17 назв.) | ||
| 606 | 1 |
_aНавье-Стокса уравнения _xКоши задача _xРешение _92496616 _3RU\NLR\auth\661481008 |
|
| 686 | _aВ253.310 | ||
| 700 | 1 |
_4070 _8rus _7ca _aСеменов _bВ. И. _f1950- _cд-р физ.-мат. наук _gВладимир Иосифович _3RU\NLR\auth\776206 _9116161 |
|
| 801 | 0 |
_aRU _bNLR _c20071115 _gRCR |
|
| 801 | 1 |
_aRU _bNLR _c20071115 |
|
| 942 | _cBOOK | ||
| 980 | _aNB | ||
| 980 | _aNBR | ||